000 01148nam a2200253 i 4500
001 190228
003 ES-MaACL
005 20250901230203.0
008 200917s1871 sp |||| | spa d
080 _a633/635(460.353)(060.64)
080 _a62/69(460.353)(060.64)
110 2 _aJunta de Agricultura, Industria y Comercio (Sevilla)
_9170332
245 1 0 _aReglamento provisional para la Exposición permanente y Centro de Contratación :
_baprobado por la Junta, en sesión de 5 de marzo de este año /
_cJunta de Agricultura, Industria y Comercio de la Provincia de Sevilla.
260 _aSevilla :
_b[s.n.],
_c1871 (
_fImp. y Litografía de El Porvenir)
300 _a11 p. ;
_c21 cm.
530 _aDisponible en formato digital.
650 4 _aProductos agrícolas-
_zSevilla (Provincia)-
_zExposiciones.
_9170333
650 4 _aProductos industriales-
_zSevilla (Provincia)-
_vExposiciones.
_9170334
655 7 _2tgfbne
_9193628
_aCatálogos de exposiciones
852 4 _aES-MaACL
_jT-115-F-12
856 4 _uhttp://bdh-rd.bne.es/viewer.vm?id=0000075818&page=1
_zBiblioteca Digital Hispánica
942 _2udc
999 _c190228
_d190228